abc em 15 segundos - Statistics

Estatísticas Gerais
  • Esse quiz foi jogado 251 vezes
  • A pontuação média é 22 de 26
Estatísticas das Respostas
letra % Correto
a
100%
d
96%
f
96%
b
95%
c
93%
e
92%
g
92%
i
91%
h
89%
j
88%
o
88%
l
86%
k
85%
m
84%
n
84%
p
83%
q
83%
s
80%
r
79%
t
79%
u
76%
w
76%
v
75%
x
74%
y
73%
z
69%
Nenhum quiz correspondente encontrado
Distribuição das Pontuações
Porcentagem de Pessoas com Cada Pontuação
Percentil de Números Respondidos
Sua Pontuação Histórica
Você não jogou esse quiz